000 00831nam0a22002411 4500
001 rc\2711182
005 20260407141817.0
035 _a(NLR Aleph) 006839114
090 _a6626468
_c6626468
100 _a20110915d1934 |||y0rusy50 ca
101 0 _arus
102 _aRU
105 _ay gj |||||
200 1 _aСправочник для поступающих в учебные заведения системы Наркомсовхозов на 1934 год
210 _aМосква
_cтип. Наркомсовхозов СССР
_d1934
215 _aОбл., 82 с.
_d17х12 см.
710 0 1 _aСССР
_bГлавное упр. мясосовхозов
_3RU\NLR\AUTH\8810010551
_9518764
801 0 _aRU
_bNLR
_gpsbo
801 1 _aRU
_bELAR
_2rusmarc
852 _aNLR
_j34-9/4654
942 _cBOOK
980 _aNB